Football titres Europe 2019-2020 - Statistiques

Statistiques générales
  • Ce quiz a été pris 637 fois
    627 depuis la dernière actualisation
  • Le résultat moyen est 12 sur 22
Statistiques - réponses
Hint Réponse % Correct
Ligue des Champions Bayern Munich
94%
Premiere Ligue Liverpool
84%
Ligue 1 Paris
81%
Serie A Juventus
79%
Liga Real Madrid
79%
Coupe de la Ligue Paris
78%
Coupe de France Paris
78%
Trophée des Champions Paris
77%
Bundesliga Bayern Munich
76%
Coupe d'allemagne Bayern Munich
74%
FA CUP Arsenal
66%
Liga Nos Porto
64%
Carabao Cup Manchester City
63%
Coupe d'Italie Naples
56%
Championnat d'Ecosse Celtic
44%
Premiere Ligue Russe Zenit
35%
Europa League FC Seville
33%
Championnat Grec Olympiakos
28%
Chamionnat Croate Dinamo Zagreb
24%
Jupiler League Club Brugge
15%
Championnat Turc Istanbul
13%
Championnat d'Ukraine Chakhtar Donetsk
6%
Aucun quiz correspondant
Distribution des résultats
% des personnes avec chaque résultat
Percentile par nombre de réponses
Votre historique - résultats
Vous n’avez pas pris ce quiz depuis la dernière actualisation